|
|
|
|
| LEADER |
01813nam a2200481 i 4500 |
| 001 |
nkc20243639318 |
| 003 |
CZ PrNK |
| 005 |
20251202092101.0 |
| 007 |
ta |
| 008 |
241023s2024 xr a g 6 000 1 cze |
| 015 |
|
|
|a cnb003639318
|
| 020 |
|
|
|a 978-80-7679-649-2
|q (brožováno)
|
| 035 |
|
|
|a (OCoLC)1514346671
|
| 040 |
|
|
|a ABG001
|b cze
|e rda
|
| 041 |
1 |
|
|a cze
|h eng
|
| 072 |
|
7 |
|a 741.52
|x Komiksy. Komiksové adaptace
|2 Konspekt
|9 21
|
| 080 |
|
|
|a 741.52(0:82-322.9)
|2 MRF
|
| 100 |
1 |
|
|a Ewing, Al,
|d 1977-
|7 xx0271108
|4 aut
|
| 245 |
1 |
0 |
|a Immortal Hulk.
|p Věříme v Bruce Bannera /
|c Al Ewing - scénář ; Joe Bennett, Tom Reilly a Matías Bergara - kresba ; Kateřina Tichá - překlad z angličtiny
|
| 246 |
3 |
0 |
|a Věříme v Bruce Bannera
|
| 250 |
|
|
|a První vydání
|
| 264 |
|
1 |
|a [Praha] :
|b Crew s.r.o.,
|c 2024
|
| 300 |
|
|
|a 112 nečíslovaných stran :
|b barevné ilustrace ;
|c 26 cm
|
| 336 |
|
|
|a text
|b txt
|2 rdacontent
|
| 336 |
|
|
|a statický obraz
|b sti
|2 rdacontent
|
| 337 |
|
|
|a bez média
|b n
|2 rdamedia
|
| 338 |
|
|
|a svazek
|b nc
|2 rdacarrier
|
| 500 |
|
|
|a Na titulní stránce a na obálce uveden původní nakladatel: Marvel
|
| 500 |
|
|
|a Obsahuje sešity Immortal Hulk 26-30
|
| 546 |
|
|
|a Český text
|
| 655 |
|
7 |
|a superhrdinské komiksy
|7 fd1057488
|2 czenas
|
| 655 |
|
9 |
|a superhero comics
|2 eczenas
|
| 700 |
1 |
|
|a Bennett, Joe,
|d 1968-
|7 xx0249467
|4 ill
|
| 700 |
1 |
|
|a Reilly, Tom
|7 xx0324586
|4 ill
|
| 700 |
1 |
|
|a Bergara, Matías,
|d 1984-
|7 xx0324585
|4 ill
|
| 700 |
1 |
|
|a Tichá, Kateřina
|7 ola2018989511
|4 trl
|
| 787 |
0 |
8 |
|i Z cyklu:
|t Immortal Hulk (Al Ewing)
|g 6
|
| 910 |
2 |
|
|a BOA001
|b 3-1539.563
|
| 920 |
|
|
|a 5021709
|z ABG001
|
| 990 |
|
|
|a BK
|
| 995 |
|
|
|a 01
|
| 991 |
|
|
|b 202503
|c NOV
|
| 996 |
6 |
|
|b 2610995705
|c 3-1539.563
|l MZK
|r Sklad / do 1 hodiny
|n 0
|p p.v.
|w 001996374
|u 000010
|a 1
|e BOA001
|j MZK50
|s P
|